মুক্তিযুদ্ধে চট্টগ্রাম / (Record no. 663)
[ view plain ]
| 000 -LEADER | |
|---|---|
| fixed length control field | 00793nam a2200217 a 4500 |
| 001 - CONTROL NUMBER | |
| JCCL Control Number | 663 |
| 003 - CONTROL NUMBER IDENTIFIER | |
| JCCL marc code | BD-JhCC |
| 005 - DATE AND TIME OF LATEST TRANSACTION | |
| control field | 20171008174743.0 |
| 008 - FIXED-LENGTH DATA ELEMENTS--GENERAL INFORMATION | |
| fixed length control field | 171008s2005 bg |||| |||| 000 0 ben d |
| 020 ## - INTERNATIONAL STANDARD BOOK NUMBER | |
| International Standard Book Number | 9848557539 |
| 035 ## - SYSTEM CONTROL NUMBER | |
| system control number | (BD-JhCC) 663 |
| 040 ## - CATALOGING SOURCE | |
| Original cataloging agency | BD-JhCC |
| Modifying agency | BD-JhCC |
| 041 ## - LANGUAGE CODE | |
| Language code of Book | ben |
| 082 ## - DEWEY DECIMAL CLASSIFICATION NUMBER | |
| Classification number | 954.9205 |
| Author mark and Year | SHA 2005 |
| 100 ## - MAIN ENTRY--PERSONAL NAME | |
| Personal name | সফিকউল্লাহ, মোহাম্মদ |
| 245 ## - TITLE STATEMENT | |
| Title | মুক্তিযুদ্ধে চট্টগ্রাম / |
| Statement of responsibility, etc | কর্নেল (অব.) মোহাম্মদ সফিকউল্লাহ সম্পাদনা: এ এম সা’দাত |
| 300 ## - PHYSICAL DESCRIPTION | |
| Pagination | ১৯২ পৃ.; |
| Dimensions | ২২ সে.মি. |
| 650 ## - SUBJECT ADDED ENTRY--TOPICAL TERM | |
| Topical term or geographic name as entry element | Liberation War |
| Geographic subdivision | Bangladesh |
| 942 ## - ADDED ENTRY ELEMENTS (KOHA) | |
| Source of classification or shelving scheme | Dewey Decimal Classification |
| Koha item type | Books |
| Source of classification or shelving scheme | Damaged status | Not for loan | Home library | Current library | Shelving location | Date of accession | Cost, normal purchase price | Total Checkouts | Full call number | Barcode | Date last seen | Copy number | Koha item type |
|---|---|---|---|---|---|---|---|---|---|---|---|---|---|
| Dewey Decimal Classification | JCC Rouf Library | JCC Rouf Library | General Stacks | 10/08/2017 | 150.00 | 954.9205 SHA 2005 | 63 | 10/08/2017 | C-1 | Books |